000
00214 a2200097 4500
001
51091
100
_a
Feigenbaum A
245
_a
Total Quality Control
260
_a
New York
_b
McGraw-Hi
_c
090
_c
32352
_d
32352
942
_a
NUST-CAE
_c
M
_c
24839
999
_c
286164
_d
286164